000 00238nam a22001097a 4500
082 _a824/SWA
100 _aSwapnil
_983144
245 _aThe Eleven Letters
260 _aJaipur
_bHolistic Publishing
_c2024
650 _aLetters
942 _cBK
999 _c67928
_d67928